[Event "British Rapidplay Championship 2023"]
[Site "Mercure Bradford, Bankfield Hotel"]
[Date "2023.04.16"]
[Round "11.23"]
[White "Ezzo, Talal"]
[Black "Rogowski, Rafal"]
[Result "0-1"]
[TimeControl "All moves in 15 minutes plus 10 second increment per move from move 1"]
[WhiteElo "1637"]
[BlackElo "1291"]

1. d4 {[%clk 00:15:18]} {[%emt 00:00:01]} Nf6 {[%clk 00:15:15]} {[%emt
00:00:05]} 2. Nc3 {[%clk 00:15:27]} {[%emt 00:00:02]} d5 {[%clk 00:15:21]}
{[%emt 00:00:04]} 3. Bf4 {[%clk 00:15:35]} {[%emt 00:00:02]} c6 {[%clk
00:15:22]} {[%emt 00:00:09]} 4. e3 {[%clk 00:15:40]} {[%emt 00:00:05]} Bf5
{[%clk 00:15:10]} {[%emt 00:00:22]} 5. f3 {[%clk 00:15:46]} {[%emt 00:00:04]}
e6 {[%clk 00:14:59]} {[%emt 00:00:20]} 6. g4 {[%clk 00:15:54]} {[%emt
00:00:03]} Bg6 {[%clk 00:14:54]} {[%emt 00:00:15]} 7. h4 {[%clk 00:16:02]}
{[%emt 00:00:02]} h6 {[%clk 00:14:42]} {[%emt 00:00:22]} 8. h5 {[%clk
00:16:09]} {[%emt 00:00:03]} Bh7 {[%clk 00:14:49]} {[%emt 00:00:03]} 9. Bd3
{[%clk 00:16:16]} {[%emt 00:00:02]} Bxd3 {[%clk 00:14:40]} {[%emt 00:00:19]} 10.
Qxd3 {[%clk 00:16:24]} {[%emt 00:00:03]} Bd6 {[%clk 00:14:48]} {[%emt
00:00:02]} 11. Nge2 {[%clk 00:16:31]} {[%emt 00:00:02]} Qe7 {[%clk 00:13:45]}
{[%emt 00:01:13]} 12. O-O-O {[%clk 00:16:19]} {[%emt 00:00:23]} Na6 {[%clk
00:13:27]} {[%emt 00:00:28]} 13. Kb1 {[%clk 00:15:44]} {[%emt 00:00:45]} Nb4
{[%clk 00:12:33]} {[%emt 00:01:03]} 14. Qd2 {[%clk 00:15:48]} {[%emt 00:00:06]}
Bxf4 {[%clk 00:12:15]} {[%emt 00:00:28]} 15. Nxf4 {[%clk 00:15:55]} {[%emt
00:00:03]} O-O-O {[%clk 00:12:05]} {[%emt 00:00:20]} 16. a3 {[%clk 00:15:56]}
{[%emt 00:00:09]} Na6 {[%clk 00:12:14]} 17. Nd3 {[%clk 00:15:04]} {[%emt
00:01:01]} Nd7 {[%clk 00:12:14]} {[%emt 00:00:11]} 18. Qh2 {[%clk 00:14:30]}
{[%emt 00:00:44]} Nc7 {[%clk 00:11:19]} {[%emt 00:01:05]} 19. Ne5 {[%clk
00:14:19]} {[%emt 00:00:21]} Nxe5 {[%clk 00:11:14]} {[%emt 00:00:14]} 20. Qxe5
{[%clk 00:14:26]} {[%emt 00:00:04]} f6 {[%clk 00:11:17]} {[%emt 00:00:07]} 21.
Qg3 {[%clk 00:14:30]} {[%emt 00:00:06]} e5 {[%clk 00:10:57]} {[%emt 00:00:30]}
22. Rhe1 {[%clk 00:13:20]} {[%emt 00:01:19]} Rhe8 {[%clk 00:10:44]} {[%emt
00:00:22]} 23. e4 {[%clk 00:12:38]} {[%emt 00:00:53]} exd4 {[%clk 00:09:08]}
{[%emt 00:01:46]} 24. Rxd4 {[%clk 00:12:38]} {[%emt 00:00:10]} Qf7 {[%clk
00:08:24]} {[%emt 00:00:55]} 25. e5 {[%clk 00:11:40]} {[%emt 00:01:07]} Re6
{[%clk 00:07:50]} {[%emt 00:00:43]} 26. f4 {[%clk 00:11:32]} {[%emt 00:00:19]}
Rde8 {[%clk 00:07:37]} {[%emt 00:00:23]} 27. Rd3 {[%clk 00:10:16]} {[%emt
00:01:25]} fxe5 {[%clk 00:07:28]} {[%emt 00:00:20]} 28. fxe5 {[%clk 00:10:15]}
{[%emt 00:00:11]} Qe7 {[%clk 00:07:02]} {[%emt 00:00:35]} 29. Na4 {[%clk
00:09:06]} {[%emt 00:01:20]} Rxe5 {[%clk 00:06:46]} {[%emt 00:00:25]} 30. Red1
{[%clk 00:08:15]} {[%emt 00:01:02]} Re1 {[%clk 00:06:18]} {[%emt 00:00:37]} 31.
b4 {[%clk 00:08:01]} {[%emt 00:00:26]} Rxd1+ {[%clk 00:06:16]} {[%emt
00:00:12]} 32. Rxd1 {[%clk 00:08:09]} b6 {[%clk 00:05:21]} {[%emt 00:01:06]} 33.
Qc3 {[%clk 00:08:08]} {[%emt 00:00:10]} Kb7 {[%clk 00:04:59]} {[%emt 00:00:32]}
34. Rd4 {[%clk 00:07:35]} {[%emt 00:00:43]} Nb5 {[%clk 00:04:55]} {[%emt
00:00:15]} 35. Qd3 {[%clk 00:07:36]} {[%emt 00:00:08]} Nxd4 {[%clk 00:04:57]}
{[%emt 00:00:08]} 36. Qxd4 {[%clk 00:07:45]} {[%emt 00:00:02]} Qe1+ {[%clk
00:05:03]} {[%emt 00:00:03]} 37. Kb2 {[%clk 00:07:53]} {[%emt 00:00:02]} Qe5
{[%clk 00:05:10]} {[%emt 00:00:02]} 38. Kc3 {[%clk 00:07:24]} {[%emt 00:00:40]}
Qxd4+ {[%clk 00:05:17]} {[%emt 00:00:04]} 39. Kxd4 {[%clk 00:07:32]} {[%emt
00:00:01]} Re4+ {[%clk 00:05:25]} {[%emt 00:00:02]} 40. Kd3 {[%clk 00:07:40]}
{[%emt 00:00:02]} Rxg4 {[%clk 00:05:32]} {[%emt 00:00:03]} 41. Nc3 {[%clk
00:07:46]} {[%emt 00:00:05]} Rh4 {[%clk 00:05:35]} {[%emt 00:00:06]} 42. Ne2
{[%clk 00:07:54]} {[%emt 00:00:02]} Rxh5 {[%clk 00:05:43]} {[%emt 00:00:02]} 43.
Nf4 {[%clk 00:08:03]} {[%emt 00:00:02]} Rh1 {[%clk 00:05:32]} {[%emt 00:00:19]}
44. Kc3 {[%clk 00:08:06]} {[%emt 00:00:09]} g5 {[%clk 00:05:35]} {[%emt
00:00:06]} 45. Ng2 {[%clk 00:08:07]} {[%emt 00:00:09]} g4 {[%clk 00:05:33]}
{[%emt 00:00:12]} 46. Kd4 {[%clk 00:08:13]} {[%emt 00:00:04]} Rh2 {[%clk
00:05:05]} {[%emt 00:00:37]} 47. Ne3 {[%clk 00:08:19]} {[%emt 00:00:04]} g3
{[%clk 00:05:08]} {[%emt 00:00:08]} 0-1

[Event "British Rapidplay Championship 2023"]
[Site "Mercure Bradford, Bankfield Hotel"]
[Date "2023.04.16"]
[Round "11.24"]
[White "Holliday, John K"]
[Black "Barton, Ben"]
[Result "1/2-1/2"]
[TimeControl "All moves in 15 minutes plus 10 second increment per move from move 1"]
[WhiteElo "1832"]
[BlackElo "1577"]

1. e4 {[%clk 00:15:18]} {[%emt 00:00:01]} c5 {[%clk 00:15:20]} {[%emt
00:00:01]} 2. Nf3 {[%clk 00:15:27]} {[%emt 00:00:02]} Nc6 {[%clk 00:15:29]}
{[%emt 00:00:01]} 3. d4 {[%clk 00:15:35]} {[%emt 00:00:02]} cxd4 {[%clk
00:15:37]} {[%emt 00:00:01]} 4. Nxd4 {[%clk 00:15:41]} {[%emt 00:00:04]} e5
{[%clk 00:15:46]} 5. Nxc6 {[%clk 00:15:29]} {[%emt 00:00:22]} bxc6 {[%clk
00:15:55]} {[%emt 00:00:01]} 6. Bc4 {[%clk 00:15:11]} {[%emt 00:00:28]} Nf6
{[%clk 00:16:03]} {[%emt 00:00:02]} 7. Nd2 {[%clk 00:14:07]} {[%emt 00:01:14]}
d5 {[%clk 00:16:03]} {[%emt 00:00:11]} 8. exd5 {[%clk 00:14:15]} {[%emt
00:00:02]} cxd5 {[%clk 00:16:10]} {[%emt 00:00:02]} 9. Bb5+ {[%clk 00:14:23]}
{[%emt 00:00:01]} Bd7 {[%clk 00:16:19]} {[%emt 00:00:02]} 10. Bxd7+ {[%clk
00:14:31]} {[%emt 00:00:02]} Qxd7 {[%clk 00:16:28]} {[%emt 00:00:01]} 11. O-O
{[%clk 00:14:33]} {[%emt 00:00:08]} Bc5 {[%clk 00:15:52]} {[%emt 00:00:46]} 12.
Nf3 {[%clk 00:14:28]} {[%emt 00:00:15]} e4 {[%clk 00:15:46]} {[%emt 00:00:16]}
13. Nd4 {[%clk 00:13:40]} {[%emt 00:00:58]} h6 {[%clk 00:14:28]} {[%emt
00:01:28]} 14. c3 {[%clk 00:13:30]} {[%emt 00:00:21]} O-O {[%clk 00:14:13]}
{[%emt 00:00:23]} 15. b4 {[%clk 00:13:31]} {[%emt 00:00:10]} Bb6 {[%clk
00:13:54]} {[%emt 00:00:28]} 16. a4 {[%clk 00:13:01]} {[%emt 00:00:41]} a5
{[%clk 00:13:54]} {[%emt 00:00:09]} 17. b5 {[%clk 00:13:10]} {[%emt 00:00:02]}
Bxd4 {[%clk 00:12:53]} {[%emt 00:01:12]} 18. Qxd4 {[%clk 00:12:51]} {[%emt
00:00:28]} Rfc8 {[%clk 00:12:48]} {[%emt 00:00:14]} 19. Bxh6 {[%clk 00:12:20]}
{[%emt 00:00:42]} Rc4 {[%clk 00:12:25]} {[%emt 00:00:33]} 20. Qe5 {[%clk
00:12:28]} {[%emt 00:00:02]} Re8 {[%clk 00:11:47]} {[%emt 00:00:48]} 21. Qg3
{[%clk 00:12:36]} {[%emt 00:00:02]} Qg4 {[%clk 00:11:27]} {[%emt 00:00:29]} 22.
Qxg4 {[%clk 00:12:08]} {[%emt 00:00:38]} Nxg4 {[%clk 00:11:35]} {[%emt
00:00:02]} 23. Bd2 {[%clk 00:12:16]} {[%emt 00:00:03]} e3 {[%clk 00:11:31]}
{[%emt 00:00:14]} 24. fxe3 {[%clk 00:11:36]} {[%emt 00:00:50]} Nxe3 {[%clk
00:11:33]} {[%emt 00:00:07]} 25. Rae1 {[%clk 00:11:09]} {[%emt 00:00:38]} Rce4
{[%clk 00:11:27]} {[%emt 00:00:16]} 26. Rxe3 {[%clk 00:11:04]} {[%emt
00:00:15]} Rxe3 {[%clk 00:11:35]} {[%emt 00:00:02]} 27. Bxe3 {[%clk 00:11:13]}
{[%emt 00:00:02]} Rxe3 {[%clk 00:11:43]} {[%emt 00:00:01]} 28. Rc1 {[%clk
00:11:14]} {[%emt 00:00:09]} Re6 {[%clk 00:11:45]} {[%emt 00:00:08]} 29. c4
{[%clk 00:11:14]} {[%emt 00:00:10]} dxc4 {[%clk 00:10:26]} {[%emt 00:01:29]} 30.
Rxc4 {[%clk 00:11:22]} {[%emt 00:00:02]} Re1+ {[%clk 00:10:34]} {[%emt
00:00:02]} 31. Kf2 {[%clk 00:11:31]} Rb1 {[%clk 00:10:39]} {[%emt 00:00:05]} 32.
Rc8+ {[%clk 00:10:56]} {[%emt 00:00:46]} Kh7 {[%clk 00:10:48]} {[%emt
00:00:01]} 33. Ra8 {[%clk 00:11:05]} Rb2+ {[%clk 00:10:55]} {[%emt 00:00:03]}
34. Kf3 {[%clk 00:11:04]} {[%emt 00:00:10]} Rb3+ {[%clk 00:11:04]} 35. Kf2
{[%clk 00:10:39]} {[%emt 00:00:35]} Rb2+ {[%clk 00:11:13]} {[%emt 00:00:01]} 36.
Kf3 {[%clk 00:10:35]} {[%emt 00:00:02]} 1/2-1/2

[Event "British Rapidplay Championship 2023"]
[Site "Mercure Bradford, Bankfield Hotel"]
[Date "2023.04.16"]
[Round "11.26"]
[White "Manavalan, Keerthi Kumar"]
[Black "Stephens, Carl"]
[Result "1/2-1/2"]
[TimeControl "All moves in 15 minutes plus 10 second increment per move from move 1"]
[WhiteElo "1419"]
[BlackElo "1682"]

1. e4 {[%clk 00:15:17]} {[%emt 00:00:01]} c5 {[%clk 00:15:19]} {[%emt
00:00:02]} 2. Nf3 {[%clk 00:15:23]} {[%emt 00:00:04]} d6 {[%clk 00:15:28]} 3.
d4 {[%clk 00:15:29]} {[%emt 00:00:04]} cxd4 {[%clk 00:15:35]} {[%emt 00:00:02]}
4. Nxd4 {[%clk 00:15:36]} {[%emt 00:00:03]} Nf6 {[%clk 00:15:45]} 5. Nc3 {[%clk
00:15:21]} {[%emt 00:00:25]} a6 {[%clk 00:15:54]} {[%emt 00:00:02]} 6. Be2
{[%clk 00:15:19]} {[%emt 00:00:11]} e6 {[%clk 00:16:02]} {[%emt 00:00:02]} 7.
Be3 {[%clk 00:15:14]} {[%emt 00:00:15]} Be7 {[%clk 00:16:09]} {[%emt 00:00:04]}
8. O-O {[%clk 00:15:11]} {[%emt 00:00:13]} O-O {[%clk 00:16:16]} {[%emt
00:00:03]} 9. h3 {[%clk 00:15:09]} {[%emt 00:00:12]} Bd7 {[%clk 00:16:09]}
{[%emt 00:00:17]} 10. Qd2 {[%clk 00:14:49]} {[%emt 00:00:30]} Nc6 {[%clk
00:16:01]} {[%emt 00:00:19]} 11. Rfd1 {[%clk 00:14:42]} {[%emt 00:00:16]} Qc7
{[%clk 00:16:08]} {[%emt 00:00:04]} 12. Bf1 {[%clk 00:14:26]} {[%emt 00:00:26]}
e5 {[%clk 00:15:47]} {[%emt 00:00:31]} 13. Nde2 {[%clk 00:14:06]} {[%emt
00:00:30]} b5 {[%clk 00:14:05]} {[%emt 00:01:52]} 14. Rac1 {[%clk 00:13:00]}
{[%emt 00:01:16]} Be6 {[%clk 00:13:13]} {[%emt 00:01:02]} 15. f3 {[%clk
00:12:55]} {[%emt 00:00:15]} Rad8 {[%clk 00:11:27]} {[%emt 00:01:55]} 16. Nd5
{[%clk 00:12:58]} {[%emt 00:00:07]} Qb7 {[%clk 00:09:20]} {[%emt 00:02:18]} 17.
b3 {[%clk 00:11:29]} {[%emt 00:01:39]} Bxd5 {[%clk 00:07:34]} {[%emt 00:01:55]}
18. exd5 {[%clk 00:11:33]} {[%emt 00:00:06]} Nb8 {[%clk 00:07:35]} {[%emt
00:00:10]} 19. Ng3 {[%clk 00:10:55]} {[%emt 00:00:47]} g6 {[%clk 00:06:49]}
{[%emt 00:00:57]} 20. Ne4 {[%clk 00:09:56]} {[%emt 00:01:08]} Nxe4 {[%clk
00:05:45]} {[%emt 00:01:14]} 21. fxe4 {[%clk 00:10:02]} {[%emt 00:00:04]} Qd7
{[%clk 00:05:29]} {[%emt 00:00:26]} 22. Bh6 {[%clk 00:08:54]} {[%emt 00:01:16]}
Rfe8 {[%clk 00:05:20]} {[%emt 00:00:20]} 23. Qf2 {[%clk 00:08:24]} {[%emt
00:00:40]} Bf8 {[%clk 00:04:52]} {[%emt 00:00:39]} 24. Bg5 {[%clk 00:07:43]}
{[%emt 00:00:51]} Rc8 {[%clk 00:05:01]} {[%emt 00:00:01]} 25. Bd3 {[%clk
00:07:45]} {[%emt 00:00:08]} Bg7 {[%clk 00:04:44]} {[%emt 00:00:27]} 26. Rf1
{[%clk 00:07:27]} {[%emt 00:00:28]} h6 {[%clk 00:04:37]} {[%emt 00:00:18]} 27.
Bf6 {[%clk 00:07:15]} {[%emt 00:00:21]} Bxf6 {[%clk 00:04:17]} {[%emt
00:00:31]} 28. Qxf6 {[%clk 00:07:21]} {[%emt 00:00:04]} Qe7 {[%clk 00:04:26]}
29. Qf3 {[%clk 00:07:04]} {[%emt 00:00:27]} Nd7 {[%emt 00:00:05]} 30. Rf2
{[%clk 00:06:58]} {[%emt 00:00:14]} Rf8 {[%clk 00:04:15]} {[%emt 00:00:29]}
1/2-1/2

[Event "British Rapidplay Championship 2023"]
[Site "Mercure Bradford, Bankfield Hotel"]
[Date "2023.04.16"]
[Round "11.27"]
[White "Day, Paul G"]
[Black "Smith, Jacob"]
[Result "1-0"]
[TimeControl "All moves in 15 minutes plus 10 second increment per move from move 1"]
[WhiteElo "1627"]
[BlackElo "1513"]

1. d4 {[%clk 00:15:18]} Nf6 {[%clk 00:15:19]} {[%emt 00:00:02]} 2. Bf4 {[%clk
00:15:26]} {[%emt 00:00:03]} g6 {[%clk 00:15:27]} {[%emt 00:00:02]} 3. h4
{[%clk 00:15:29]} {[%emt 00:00:07]} Bg7 {[%clk 00:15:00]} {[%emt 00:00:37]} 4.
h5 {[%clk 00:15:35]} {[%emt 00:00:03]} Nxh5 {[%clk 00:13:39]} {[%emt 00:01:31]}
5. Rxh5 {[%clk 00:15:40]} {[%emt 00:00:05]} gxh5 {[%clk 00:13:39]} {[%emt
00:00:09]} 6. Nf3 {[%clk 00:15:38]} {[%emt 00:00:13]} d6 {[%clk 00:13:40]}
{[%emt 00:00:10]} 7. Qd2 {[%clk 00:15:44]} {[%emt 00:00:04]} Bf5 {[%clk
00:12:45]} {[%emt 00:01:04]} 8. Nc3 {[%clk 00:15:40]} {[%emt 00:00:14]} Nd7
{[%clk 00:12:18]} {[%emt 00:00:38]} 9. e4 {[%clk 00:15:35]} {[%emt 00:00:14]}
Bg6 {[%clk 00:11:53]} {[%emt 00:00:34]} 10. Bc4 {[%clk 00:15:14]} {[%emt
00:00:32]} e5 {[%clk 00:11:14]} {[%emt 00:00:49]} 11. dxe5 {[%clk 00:14:55]}
{[%emt 00:00:29]} Nxe5 {[%clk 00:11:22]} {[%emt 00:00:03]} 12. Bb3 {[%clk
00:14:04]} {[%emt 00:01:01]} Nxf3+ {[%clk 00:10:24]} {[%emt 00:01:08]} 13. gxf3
{[%clk 00:14:07]} {[%emt 00:00:06]} Qe7 {[%clk 00:10:26]} {[%emt 00:00:07]} 14.
Nd5 {[%clk 00:14:05]} {[%emt 00:00:13]} Qd8 {[%clk 00:09:51]} {[%emt 00:00:45]}
15. O-O-O {[%clk 00:13:54]} {[%emt 00:00:21]} c6 {[%clk 00:07:54]} {[%emt
00:02:17]} 16. Ne3 {[%clk 00:13:21]} {[%emt 00:00:54]} d5 {[%clk 00:06:45]}
{[%emt 00:01:19]} 17. exd5 {[%clk 00:13:18]} {[%emt 00:00:12]} cxd5 {[%clk
00:06:52]} {[%emt 00:00:03]} 18. Ba4+ {[%clk 00:13:19]} {[%emt 00:00:09]} Kf8
{[%clk 00:06:47]} {[%emt 00:00:15]} 19. Nxd5 {[%clk 00:13:14]} {[%emt
00:00:14]} Kg8 {[%clk 00:06:24]} {[%emt 00:00:34]} 20. Qb4 {[%clk 00:12:16]}
{[%emt 00:01:08]} Bf8 {[%clk 00:06:18]} {[%emt 00:00:17]} 21. Qd4 {[%clk
00:12:15]} {[%emt 00:00:10]} Be7 {[%clk 00:05:25]} {[%emt 00:01:03]} 22. Be5
{[%clk 00:12:11]} {[%emt 00:00:14]} Rc8 {[%clk 00:04:22]} {[%emt 00:01:13]} 23.
Bxh8 {[%clk 00:11:52]} {[%emt 00:00:29]} f6 {[%clk 00:03:35]} {[%emt 00:00:58]}
24. Bxf6 {[%clk 00:11:37]} {[%emt 00:00:23]} Bxf6 {[%clk 00:03:27]} {[%emt
00:00:18]} 25. Nxf6+ {[%clk 00:11:44]} {[%emt 00:00:02]} Kf7 {[%clk 00:03:23]}
{[%emt 00:00:15]} 26. Bb3+ {[%clk 00:11:39]} {[%emt 00:00:15]} Ke7 {[%clk
00:02:57]} {[%emt 00:00:37]} 27. Qe5+ {[%clk 00:11:35]} {[%emt 00:00:13]} Kf8
{[%clk 00:02:57]} {[%emt 00:00:09]} 28. Rxd8+ {[%clk 00:11:32]} {[%emt
00:00:13]} Rxd8 {[%clk 00:03:04]} {[%emt 00:00:04]} 29. Qc5+ {[%clk 00:11:13]}
{[%emt 00:00:29]} Kg7 {[%clk 00:02:51]} {[%emt 00:00:24]} 30. Qe7+ {[%clk
00:11:21]} {[%emt 00:00:02]} Kh6 {[%clk 00:02:52]} {[%emt 00:00:08]} 31. Qxd8
{[%clk 00:11:24]} {[%emt 00:00:07]} h4 {[%clk 00:03:00]} {[%emt 00:00:02]} 32.
f4 {[%clk 00:11:29]} {[%emt 00:00:05]} h3 {[%clk 00:03:05]} {[%emt 00:00:06]}
33. Qf8# {[%clk 00:11:23]} {[%emt 00:00:02]} 1-0

[Event "British Rapidplay Championship 2023"]
[Site "Mercure Bradford, Bankfield Hotel"]
[Date "2023.04.16"]
[Round "11.28"]
[White "Cuaresma, Bien"]
[Black "Bowmer, James"]
[Result "0-1"]
[TimeControl "All moves in 15 minutes plus 10 second increment per move from move 1"]
[WhiteElo "1606"]
[BlackElo "1531"]

1. f4 {[%clk 00:15:14]} {[%emt 00:00:05]} d5 {[%clk 00:15:18]} {[%emt
00:00:03]} 2. Nf3 {[%clk 00:15:21]} {[%emt 00:00:03]} Nc6 {[%clk 00:15:23]}
{[%emt 00:00:06]} 3. e3 {[%clk 00:15:29]} {[%emt 00:00:02]} Bg4 {[%clk
00:14:58]} {[%emt 00:00:35]} 4. Be2 {[%clk 00:15:36]} {[%emt 00:00:02]} e6
{[%clk 00:14:58]} {[%emt 00:00:11]} 5. O-O {[%clk 00:15:42]} {[%emt 00:00:04]}
Nf6 {[%clk 00:15:00]} {[%emt 00:00:08]} 6. Ne5 {[%clk 00:14:34]} {[%emt
00:01:18]} Nxe5 {[%clk 00:15:01]} {[%emt 00:00:09]} 7. fxe5 {[%clk 00:14:37]}
{[%emt 00:00:04]} Bxe2 {[%clk 00:15:08]} {[%emt 00:00:06]} 8. Qxe2 {[%clk
00:14:43]} {[%emt 00:00:03]} Nd7 {[%clk 00:15:08]} {[%emt 00:00:11]} 9. Qf2
{[%clk 00:14:32]} {[%emt 00:00:21]} f6 {[%clk 00:13:34]} {[%emt 00:01:44]} 10.
d4 {[%clk 00:14:31]} {[%emt 00:00:11]} Qe7 {[%clk 00:13:21]} {[%emt 00:00:23]}
11. exf6 {[%clk 00:14:28]} {[%emt 00:00:13]} Nxf6 {[%clk 00:13:15]} {[%emt
00:00:16]} 12. Nd2 {[%clk 00:14:14]} {[%emt 00:00:16]} O-O-O {[%clk 00:13:13]}
{[%emt 00:00:19]} 13. Nb3 {[%clk 00:14:18]} {[%emt 00:00:06]} Ne4 {[%clk
00:12:49]} {[%emt 00:00:34]} 14. Qe2 {[%clk 00:13:39]} {[%emt 00:00:48]} c6
{[%clk 00:12:43]} {[%emt 00:00:18]} 15. c4 {[%clk 00:13:27]} {[%emt 00:00:21]}
Qc7 {[%clk 00:12:33]} {[%emt 00:00:20]} 16. a3 {[%clk 00:13:20]} {[%emt
00:00:16]} Bd6 {[%clk 00:11:32]} {[%emt 00:01:13]} 17. g4 {[%clk 00:13:04]}
{[%emt 00:00:25]} dxc4 {[%clk 00:10:49]} {[%emt 00:00:54]} 18. Nd2 {[%clk
00:12:25]} {[%emt 00:00:48]} Nxd2 {[%clk 00:10:00]} {[%emt 00:00:59]} 19. Bxd2
{[%clk 00:12:32]} {[%emt 00:00:03]} Rhf8 {[%clk 00:09:53]} {[%emt 00:00:17]} 20.
h3 {[%clk 00:12:10]} {[%emt 00:00:33]} b5 {[%clk 00:09:03]} {[%emt 00:01:00]}
21. a4 {[%clk 00:11:49]} {[%emt 00:00:31]} Rxf1+ {[%clk 00:08:45]} {[%emt
00:00:27]} 22. Rxf1 {[%clk 00:11:51]} {[%emt 00:00:08]} a6 {[%clk 00:08:13]}
{[%emt 00:00:43]} 23. Rf3 {[%clk 00:11:30]} {[%emt 00:00:30]} Qe7 {[%clk
00:06:52]} {[%emt 00:01:29]} 24. Qg2 {[%clk 00:11:22]} {[%emt 00:00:21]} Kd7
{[%clk 00:05:08]} {[%emt 00:01:54]} 25. e4 {[%clk 00:10:25]} {[%emt 00:01:07]}
Rf8 {[%clk 00:04:52]} {[%emt 00:00:25]} 26. d5 {[%clk 00:09:43]} {[%emt
00:00:53]} cxd5 {[%clk 00:03:57]} {[%emt 00:01:05]} 27. exd5 {[%clk 00:09:40]}
{[%emt 00:00:08]} Rxf3 {[%clk 00:03:33]} {[%emt 00:00:39]} 28. Qxf3 {[%clk
00:09:20]} {[%emt 00:00:30]} Bc5+ {[%clk 00:03:32]} {[%emt 00:00:12]} 29. Kg2
{[%clk 00:09:08]} {[%emt 00:00:22]} Qd6 {[%clk 00:02:37]} {[%emt 00:01:00]} 30.
dxe6+ {[%clk 00:07:54]} {[%emt 00:01:29]} Qxe6 {[%clk 00:02:43]} {[%emt
00:00:04]} 31. Qb7+ {[%clk 00:07:08]} {[%emt 00:00:54]} Ke8 {[%clk 00:01:26]}
{[%emt 00:01:28]} 32. Qf3 {[%clk 00:06:18]} {[%emt 00:01:01]} Qe5 {[%clk
00:00:22]} {[%emt 00:01:14]} 33. Bc3 {[%clk 00:06:11]} {[%emt 00:00:16]} Bd4
{[%clk 00:00:20]} {[%emt 00:00:13]} 34. Qc6+ {[%clk 00:06:03]} {[%emt
00:00:16]} Ke7 {[%clk 00:00:15]} {[%emt 00:00:16]} 35. Bb4+ {[%clk 00:06:02]}
{[%emt 00:00:12]} Kf7 {[%clk 00:00:17]} {[%emt 00:00:09]} 36. Qf3+ {[%clk
00:05:48]} {[%emt 00:00:23]} Ke6 {[%clk 00:00:15]} {[%emt 00:00:12]} 37. Qc6+
{[%clk 00:05:29]} {[%emt 00:00:30]} Kf7 {[%clk 00:00:21]} {[%emt 00:00:04]} 38.
Qd7+ {[%clk 00:05:31]} {[%emt 00:00:07]} Kg6 {[%clk 00:00:27]} {[%emt
00:00:05]} 39. Qf5+ {[%emt 00:00:56]} Qxf5 {[%clk 00:00:26]} {[%emt 00:00:09]}
40. gxf5+ {[%clk 00:04:54]} {[%emt 00:00:02]} Kxf5 {[%clk 00:00:34]} {[%emt
00:00:03]} 41. axb5 {[%clk 00:05:00]} {[%emt 00:00:03]} axb5 {[%clk 00:00:41]}
{[%emt 00:00:03]} 42. Ba3 {[%clk 00:04:55]} {[%emt 00:00:14]} Ke4 {[%clk
00:00:34]} {[%emt 00:00:19]} 43. Kg3 {[%clk 00:03:27]} {[%emt 00:01:37]} Kd3
{[%clk 00:00:42]} {[%emt 00:00:02]} 44. Kf3 {[%clk 00:03:27]} {[%emt 00:00:10]}
Kc2 {[%clk 00:00:45]} {[%emt 00:00:07]} 45. Ke4 {[%clk 00:02:52]} {[%emt
00:00:45]} Bxb2 {[%clk 00:00:50]} {[%emt 00:00:06]} 46. Bb4 {[%clk 00:02:48]}
{[%emt 00:00:14]} c3 {[%clk 00:00:36]} {[%emt 00:00:24]} 47. Bf8 {[%clk
00:01:42]} {[%emt 00:01:16]} g6 {[%clk 00:00:24]} {[%emt 00:00:23]} 48. Bd6
{[%clk 00:00:56]} {[%emt 00:00:55]} Kb1 {[%clk 00:00:28]} {[%emt 00:00:07]} 49.
Kd5 {[%clk 00:00:45]} {[%emt 00:00:19]} c2 {[%clk 00:00:33]} {[%emt 00:00:06]}
50. Bf4 {[%clk 00:00:53]} {[%emt 00:00:02]} Bc1 {[%clk 00:00:21]} {[%emt
00:00:22]} 51. Bd6 {[%clk 00:00:17]} {[%emt 00:00:45]} Bd2 {[%clk 00:00:29]}
{[%emt 00:00:03]} 52. Ba3 {[%clk 00:00:13]} {[%emt 00:00:14]} Ka2 {[%clk
00:00:37]} {[%emt 00:00:02]} 0-1